000 00259nam a2200085Ia 4500
245 0 _aFor the sake of silence
100 _a GREEN, Michael Cawood Roggebaai [South Africa], 2008 1st ed
_975913
942 _cBK
008 210817s9999 xx 000 0 und d
999 _c271276
_d271275